|
|
|
|
| LEADER |
00668nam a22001811 4500 |
| 001 |
c000369109 |
| 003 |
CARM |
| 005 |
00000000000000.0 |
| 008 |
851211s1963 fr 0 fre d |
| 019 |
1 |
|
|a 4174304
|5 LACONCORD2021
|
| 035 |
|
|
|a (OCoLC)1303587
|5 LACONCORD2021
|
| 100 |
1 |
|
|a Roussel, Raymond,
|d 1877-1933.
|
| 245 |
1 |
2 |
|a L'Etoile au front :
|b piece en trois actes, en prose.
|
| 260 |
|
|
|a Paris :
|b Pauvert,
|c 1963.
|
| 852 |
8 |
|
|b CARM
|h A1:AP31B0
|i B07857
|p 0350672
|f BK
|
| 082 |
0 |
4 |
|a 842.9
|
| 999 |
f |
f |
|i 5909eeed-e8af-5b51-96d9-5601c0b49d92
|s fdfadb75-2d22-5dee-a30d-00c85d54c86b
|
| 952 |
f |
f |
|p Can circulate
|a CAVAL
|b CAVAL
|c CAVAL
|d CARM 1 Store
|e B07857
|f A1:AP31B0
|h Other scheme
|i book
|m 0350672
|